000 00718cam a22002412 4500
001 9883
003 BD-RjUL
005 20211208234845.0
008 140122s1960 enka 00| 0 eng d
035 _aOCLC ocm37020329 from D971028M
_a(BD-RjUL)9928
040 _aDLC
_cIUL
_dBD-RjUL
_beng
041 _aeng
082 0 4 _a541
_bSMT 1960
100 1 _aSmith, Sylvanus Joseph.
_930539
245 1 0 _a A Text book of physical chemistry /
_cby Sylvanus J.Smith.
250 _a3ed.ed.
260 _aLondon :
_bMacmillan and co., limited,
_c1960
300 _axii, 354 p. :
_bill. ;
_c20 cm.
504 _aincludes index
650 0 _aChemistry, Physical and theoretical.
_930540
942 _2ddc
_cBK
999 _c9883
_d9883